000 00213 a2200109 4500
020 _a978-84-9951-066-8
041 _aspa
100 _apeterson,scott
245 _ael arbol de navidad
942 _cBK
952 _71
999 _c18019
_d18019